00301nam a2200133Ia 4500008004100000041000800041082001500049100002700064245001500091250000600106260003100112300001200143500001200155240719s2024 xx und d aeng a349.54/SIN aJUSTICE YATINDRA SINGH aCyber Laws a6 aPrayagrajbUniversalc2024 a1-468p. aBVYCLCK